Регионална библиотека "Любен Каравелов" - Русе

Бай Ганьо (Запис номер 101657)

MARC детайли
000 -Лидер
Контролно поле с фиксирана дължина 02069nam a2200409 c 4500
003 - Код на организацията, давaща контролен номер
Контролно поле BLK
005 - Дата и час на последна редакция
Контролно поле 20250801145731.0
008 - Елементи от данни с фиксирана дължина
fixed length control field 180409b bul|||||r ||||||| ||bul||
010 ## - Наследен системен номер
LC control number KNG00106709000
020 ## - Международен стандартен номер на книга ISBN
Международен стандартен номер на книга ISBN 954-739-237-9
040 ## - Източник на каталожния запис
Идентификатор на билиотеката - собственик на записа BLK
041 ## - Код за език
Код за езика на текст/звукозапис или на отделно заглавие Български
Код за езика КДБФ Български
080 ## - УДК
Текстов определител УДК Българска литература
УДК код - определител по УДК 821.163.2
УДК определител -32
УДК - код + определител 821.163.2-32
080 ## - УДК
Текстов определител УДК Българска литература
УДК код - определител по УДК 821.163.2
УДК определител -7
УДК - код + определител 821.163.2-7
139 ## - Редно поле
Редна дума Константинов, Алеко Иваницов
Авторски знак Констан - К 82
245 10 - Сведения за заглавието
Заглавие Бай Ганьо
Редно поле (дума) Алеко Иваницов Константинов; състав. Иван Гранитски; послесл. от Панко Анчев.
257 ## - Страна на издаване
Страна на създаване/издаване България
260 ## - Област на издателските данни
Място на издаване, разпространение и проч. София
Име на издателя, разпространителя и проч. Захарий Стоянов
Година на издаване 2002
Печатница София : Образование и наука
300 ## - Физическа характеристика
Страници 448 с.
Размери/Мащаб 20 см
380 ## - Жанр
Жанр Худож. лит.
490 1# - СЕРИИ (Колекции)
Име на серия Поредица Българска класика
№: серия 12
500 ## - Общи забележки
Забележка Офс. изд. - 3 000 тир. - Съдържа и Редове от биографията / Милен Куманов ; От "До Чикаго и назад" до "Бай Ганьо" / Михаил Арнаудов ; Речник. Съдържа : До Чикаго и назад ; Бай Ганьо ; Фейлетони.
653 ## - Ключова дума – ненормативна
Ключова дума повести
653 ## - Ключова дума – ненормативна
Ключова дума пътеписи
653 ## - Ключова дума – ненормативна
Ключова дума фейлетони
653 ## - Ключова дума – ненормативна
Ключова дума хумор
653 ## - Ключова дума – ненормативна
Ключова дума сатира
700 1# - Други автори (авторска отговорност)
Лично име Анчев, Панко Кирилов
Дати, свързани с автора 1946 -
Друга информация Литературовед, историк, философ, публицист.
9 (RLIN) 32971
700 1# - Други автори (авторска отговорност)
Лично име Гранитски, Иван
Пълна форма на името Димитров, Иван Йорданов
Дати, свързани с автора 1953-
Друга информация Журналист, литературен критик, теоретик и историк, поет, публицист и издател.
Автороска отговорност (Описва отношението между автора и произведението) състав.
9 (RLIN) 55767
852 ## - Местоположение
Форматна сигнатура Цб 215203
856 4# - Електронен адрес и достъп
Електронен формат pdf - файл
856 4# - Електронен адрес и достъп
Електронен формат pdf - файл
942 ## - АРТИКУЛИ
Вид на библиотечния материал Книги
Скрит в OPAC Не
Koha issues (borrowed), all copies 43
944 ## - СЪЗДАВАНЕ И РЕДАКЦИЯ на ЗАПИСА
Създаване/Редакция Създаване
Дата на регистрацията/редакция 01.01.2002
Служител, извършил регистрацията/редакцията 30531
Статус, дата на статуса Цветелина Шанова
944 ## - СЪЗДАВАНЕ И РЕДАКЦИЯ на ЗАПИСА
Създаване/Редакция Редакция
Дата на регистрацията/редакция 15.12.2012
999 ## - СИСТЕМНИ КОНТРОЛНИ НОМЕРА
Koha biblionumber 101657
Koha biblioitemnumber 101657
999 ## - СИСТЕМНИ КОНТРОЛНИ НОМЕРА
Koha biblioitemnumber 101657
Наличности
Код за отписване Код за изгубен артикул Код за повреда Коз за рестрикции Код за отдаване Артикулен № Име на библиотеката - собственик Име на библиотеката, в която се намира в момента Статус (Текущо местоположение) Дата на вписване в системата Местоположение - отдел Цена в лева Инвентарен номер Систематично азбучна сигнатура Баркод Номер на екземпляра Цена в евро Служебна бележка Служебен тип на артикула Източник на класификационната схема
  Не е изгубен Не е повреден без рестрикции ползва се в читалня 163898 Регионална библиотека "Любен Каравелов" Русе Регионална библиотека "Любен Каравелов" Русе Хранилище 2003-07-02 Хранилище 0.00 120000677208 Цб 215203 120000677208 1 0.00 Дост: Dp Вид: Д N: 29 Дата: 10.07.2002 Книги  
Изтеглен Не е изгубен Не е повреден без рестрикции заемане за дома 163899 Регионална библиотека "Любен Каравелов" Русе Регионална библиотека "Любен Каравелов" Русе Заемна - подръчен фонд 2003-11-05 Заемна - подръчен фонд 5.00 120000679700 П 886.7-32/К 82 120000679700 2 2.56 Дост: DA Вид: А N: 25 Дата: 05.11.2003 Книги Universal Decimal Classification
  Не е изгубен Не е повреден без рестрикции заемане за дома 163900 Регионална библиотека "Любен Каравелов" Русе Регионална библиотека "Любен Каравелов" Русе Детски отдел 2008-05-07 Детски отдел 5.00 120000726062 ДХ 886.7-32/К 82 120000726062 3 2.56 Дост: DA Вид: А N: 10 Дата: 07.05.2008 Дата инв: 04.08.2015 Бележки инв: Д2015 Книги Universal Decimal Classification
  Не е изгубен Не е повреден без рестрикции заемане за дома 163901 Регионална библиотека "Любен Каравелов" Русе Регионална библиотека "Любен Каравелов" Русе Заемна - подръчен фонд 2012-10-29 Заемна - подръчен фонд 5.00 120000760775 П 886.7-32/К 82 120000760775 4 2.56 Дост: DA Вид: А N: 19 Дата: 19.10.2012 Дата инв: 13.02.2018 Бележки инв: П2018 Книги Universal Decimal Classification
Vip Innovations Ltd, Rousse, Bulgaria 2025